Medical-surgical nursing : (Record no. 393)

MARC details
000 -LEADER
fixed length control field 00681cam a22002294a 4500
020 ## - INTERNATIONAL STANDARD BOOK NUMBER
ISBN 0323018041
050 00 - CALL NUMBER
Classification number RT41
Item number .M47
100 ## - AUTHOR
Personal name Phipps, Wilma J
110 ## - AUTHOR
CORPORATE AUTHOR Monahan,Frances D
111 ## - AUTHOR
AUTHOR Marek, Jane F et...al
245 00 - TITLE
Title Medical-surgical nursing :
Remainder of title health and illness perspectives /
Statement of responsibility, etc [edited by] Wilma J. Phipps ... [et al.].
250 ## - EDITION
Edition statement 7th ed.
260 ## - PUBLICATION INFORMATION
Place of publication St. Louis :
Name of publisher Mosby,
Year of publication c2003.
300 ## - DESCRIPTION
Number of Pages xxi, 2150 p. :
Other physical details ill. ;
Dimensions 29 cm. +
Accompanying material CD-ROM (4 3/4 in.)
650 #0 - SUBJECTS
Topical Term Nursing.
650 #0 - SUBJECTS
Topical Term Surgical nursing.
650 12 - SUBJECTS
Topical Term Nursing Care.
650 12 - SUBJECTS
Topical Term Perioperative Nursing.
650 22 - SUBJECTS
Topical Term Nursing Process.
700 1# - OTHER AUTHORS
Personal name Phipps, Wilma J.,
942 ## - ADDED ENTRY ELEMENTS (KOHA)
Koha item type Books
Holdings
Withdrawn status Lost status Home library Current library Shelving location Date acquired Full call number Accession Number Copy number Koha item type
    Methodist University Library Wenchi Nursing Methodist University Library Wenchi Nursing General Stacks 21/10/2017 RT41 .M47 2751 1 Books
    Methodist University Library Wenchi Nursing Methodist University Library Wenchi Nursing General Stacks 30/10/2017 RT41 .M47 MED 2883 2 Books
    Methodist University Library Wenchi Nursing Methodist University Library Wenchi Nursing General Stacks 30/10/2017 RT41 .M47 2882 3 Books
    Methodist University Library Wenchi Nursing Methodist University Library Wenchi Nursing General Stacks 30/10/2017 RT41 .M47 2840 4 Books
    Methodist University Library Wenchi Nursing Methodist University Library Wenchi Nursing General Stacks 30/10/2017 RT41 .M47 MED 2769 5 Books
    Methodist University Library Wenchi Nursing Methodist University Library Wenchi Nursing General Stacks 04/09/2018 RT41 .M47 MED 2842 6 Books
    Methodist University Library Wenchi Nursing Methodist University Library Wenchi Nursing General Stacks 04/09/2018 RT41 .M47 MED 2841 7 Books
Copyright © 2026  MUG Library